00550nam a2200181 a 4500001000400000003000900004008004100013040002800054082001600082100003200098245005400130250000700184260004300191300001000234500006100244650002800305650003500333856CO-ViMGA141112s2004 ck r 000 u spa d aCO-ViMGAbspacCO-ViMGA04aR345 C656pp1 aColombia. Leyes, decretos, 10aCódigo penal / cPeña Peña Rogelio Enrique  a5a aSantafé de Bogotá : bEcoe, c1996 a368 p aIncluye anexo con leyes 360 y 365/97 y decreto 545/97. 14aDERECHO PENAL - CODIGOS14aPeña Peña, Rogelio Enrique